00301nam a2200121Ia 4500008004100000082001800041100001700059245003500076250000800111260003500119300000900154650001600163191201s2007 xx 000 0 und d a621.3192bSIN aSINHA, Umesh 0aNetwork Analysis and Synthesis a7th aN.DelhibSatya Prakashanc2007 a1047 aB.Tech(ECE)